Shakespeare International Quiz Stats

 Plays Quiz Updated Feb 18, 2020

Support Sporcle.
Go Orange.
Score 0/76 Timer 11:00
0 Plays Today
*Type in Plays for Bonus Hints* % Correct
French/Frenchman
86.7%
Italian
85.3%
German
83.4%
Roman
82.8%
English/Englishman/Anglish
82.2%
Scot/Scottish
82%
Irish/Irishman
81.8%
Spanish/Spaniard
80.2%
Dane/Danish
79.2%
Greek/Grecian/Greekish
78.2%
Russian
73%
Welsh
69.3%
Egyptian
67.1%
Turk/Turkish
62.2%
Dutch/Dutchman
61.5%
Venetian
58.8%
Norweyan (Norwegian)
58.1%
Moor
56%
Pole, Polack
55.9%
Switzer
52.8%
Indian
51.9%
African
51.3%
Parisian
47.9%
Londoner
45.4%
Hungarian
44.9%
Arabian
43.9%
Briton/British
43.7%
Athenian
40.6%
Milan
38.8%
Sicilian
37.2%
Persian
35.4%
Florentine
34.1%
Spartan
33.1%
Dalmatian
28.6%
Neapolitan
28.3%
Cornish
25.8%
Veronesa (Veronese)
25.7%
Norman
25.4%
*Type in Plays for Bonus Hints* % Correct
Assyrian
25.3%
Amazon/Amazonian
24.3%
Ottoman/Ottomite
23.6%
Ethiopian
22.2%
Fleming/Flemish
21.6%
Transylvanian
21.2%
Illyrian
21.2%
Saxon
18.9%
Trojan, Dardanian
18.4%
Bohemian
17.2%
Parthian
16.3%
Phrygian
15.6%
Kentish/Kentishman
15.1%
Corinthian
13.4%
Phoenician
12.9%
Muscovite
12.6%
Thracian
12.4%
Tartar
12.4%
Breton
12.3%
Pannonian
11.8%
Goth
11.5%
Cataian
11.5%
Scythian
11%
Thessalian
10.3%
Tyrian
10.2%
Alexandrian
9.3%
Ephesian
9.1%
Hollander
8.9%
Sardian
8.1%
Mantuan
8%
Gordian
7.6%
Rhenish
6%
Cimmerian
5.7%
Senoy (Sienese)
5.6%
Hyrcanian
5.5%
Syracusian
5.3%
Volsci/Volscian
4.3%
Nazarite (Nazarene)
3.6%

You're not logged in!

Compare scores with friends on all Sporcle quizzes.
OR
Log In

From the Vault

TV Scientists

by Hejman

This quiz has a much higher lab coat level than most Sporcle quizzes.
Remove Ads.
Support Sporcle.
Get the best of Sporcle when you Go Orange. This ad-free experience offers more features, more stats, and more fun while also helping to support Sporcle. Thank you for becoming a member.

Show Comments

Extras

Top Quizzes Today


Score Distribution

Your Account Isn't Verified!

In order to create a playlist on Sporcle, you need to verify the email address you used during registration. Go to your Sporcle Settings to finish the process.

Report this User

Report this user for behavior that violates our Community Guidelines.

Details: